How I Met Your Mother - Trivia Quiz - Statistics

Statistiche generali
  • Questo quiz è stato fatto 550 volte
  • Il punteggio medio è 9 su 15
Statistiche sulle risposte
risposta % Corretto
Chi ha lasciato Ted all'altare? Stella
91%
Come si chiama il manuale di Barney per rimorchiare? Playbook
86%
Che lavoro fa la sosia di Lily? spogliarellista
75%
Con chi era sposata Zoey? Il Capitano
72%
Dove si trasferisce Lily dopo aver rotto con Marshall? San Francisco
70%
Dove vive la famiglia di Marshall? Minnesota
69%
Qual è l'oggetto tipico della madre? l'ombrello giallo
64%
Cosa dice Becky nel suo spot? "barche barche barche"
61%
Qual è l'hobby preferito di Robin? sparare
60%
Che canzone suona Tracy con l'ukulele? La Vie En Rose
55%
Come si chiama la figlia di Lily e Marshall? Daisy
51%
A quale evento scoprono il sosia di Ted? robot contro wrestler
49%
Che lavoro fa Barney? "ti prego"
40%
Come si chiama la sorella di Ted? Heather
31%
Come si chiama l'amica di Robin Sparkles? Jessica Glitter
19%
Nessun quiz corrispondente trovato
Distribuzione punteggi
Percentuale di utenti per punteggio
Percentile per numero di risposta
I tuoi punteggi nel tempo
Non hai fatto questo quiz